Evaluación del funcionamiento y de la capacidad de la red de distribución de agua potable de San Ramón
Gespeichert in:
| 1. Verfasser: | |
|---|---|
| Format: | Buch |
| Veröffentlicht: |
[San José , Costa Rica]
1984
|
| Schlagworte: | |
| Tags: |
Tag hinzufügen
Keine Tags, Fügen Sie den ersten Tag hinzu!
|
MARC
| LEADER | 00000nam a2200000Ia 4500 | ||
|---|---|---|---|
| 003 | 002246 | ||
| 005 | 20221231144417.0 | ||
| 008 | 140114s1984 c a m 000 ||s d | ||
| 040 | |c cru CEDI | ||
| 090 | |a TFG 1365 | ||
| 100 | |a Mayorga Núñez, Anabelle |9 15203 | ||
| 245 | |a Evaluación del funcionamiento y de la capacidad de la red de distribución de agua potable de San Ramón | ||
| 260 | |c 1984 |a [San José , Costa Rica] | ||
| 300 | |a [122] hojas ; 28 cm | ||
| 500 | |a A la cabeza de la portada. Informe del Proyecto Final para Graduación.-Universidad de Costa Rica. Facultad de Ingeniería. Escuela de Ingeniería Civil | ||
| 650 | |x ACUEDUCTO DE SAN RAMON |x AGUA POTABLE |9 15204 | ||
| 942 | |c TFG | ||
| 999 | |c 21473 |d 21473 | ||
